[Event "32. Copenhagen Open (Politiken Cup)"]
[Site "Elsinore"]
[Date "2010.08.07"]
[Round "9"]
[White "Petersen, Nils"]
[Black "Thomsen, Peter"]
[Result "1/2-1/2"]
[WhiteElo "2053"]
[BlackElo "1871"]
[PlyCount "20"]
[EventDate "2010.07.31"]
[EventType "swiss"]
[EventRounds "10"]
[EventCountry "DEN"]
[Source "ChessBase"]
[SourceDate "2010.09.01"]

1. c4 e5 2. Nc3 Nf6 3. Nf3 Nc6 4. a3 d5 5. cxd5 Nxd5 6. Qc2 Be7 7. e3 O-O 8.
Bb5 Bg4 9. Bxc6 Bxf3 10. Nxd5 Bxd5 1/2-1/2

[Event "32. Copenhagen Open (Politiken Cup)"]
[Site "Elsinore"]
[Date "2010.08.07"]
[Round "9"]
[White "Petersen, Peter Birk"]
[Black "Mortensen, Henrik"]
[Result "1-0"]
[WhiteElo "2178"]
[BlackElo "2003"]
[PlyCount "47"]
[EventDate "2010.07.31"]
[EventType "swiss"]
[EventRounds "10"]
[EventCountry "DEN"]
[Source "ChessBase"]
[SourceDate "2010.09.01"]

1. e4 c5 2. Nf3 e6 3. d4 Qc7 4. Nc3 a6 5. d5 e5 6. a4 d6 7. Nd2 g6 8. Nc4 Bg7
9. Bd3 Nh6 10. a5 Nd7 11. Na4 f6 12. h4 Nf7 13. Qf3 Nf8 14. Nab6 Rb8 15. Nxc8
Rxc8 16. Ra3 Nd7 17. Rb3 Rd8 18. h5 g5 19. h6 Bxh6 20. Rxh6 Nxh6 21. Rxb7 Qxb7
22. Nxd6+ Ke7 23. Nxb7 Rb8 24. Bxa6 1-0

[Event "32. Copenhagen Open (Politiken Cup)"]
[Site "Elsinore"]
[Date "2010.08.07"]
[Round "9"]
[White "Porte, Henrik"]
[Black "Munk, Poul"]
[Result "1-0"]
[WhiteElo "2130"]
[BlackElo "1959"]
[PlyCount "113"]
[EventDate "2010.07.31"]
[EventType "swiss"]
[EventRounds "10"]
[EventCountry "DEN"]
[Source "ChessBase"]
[SourceDate "2010.09.01"]

1. d4 d5 2. c4 e6 3. Nc3 Nf6 4. Bg5 Nbd7 5. cxd5 exd5 6. e3 c6 7. Bd3 Be7 8.
Qc2 O-O 9. Nf3 Re8 10. O-O Nf8 11. Bxf6 Bxf6 12. b4 a6 13. a4 Bd7 14. b5 axb5
15. axb5 h6 16. bxc6 bxc6 17. Na4 Re7 18. Nc5 Be8 19. Nd2 Rea7 20. Rxa7 Rxa7
21. Rb1 Nd7 22. Ndb3 Be7 23. h3 Nxc5 24. Nxc5 Qa8 25. Rb6 Ra2 26. Qb3 Bd6 27.
g3 Qa5 28. Qb4 Qxb4 29. Rxb4 Bxc5 30. Rb8 Kf8 31. dxc5 g6 32. e4 Rd2 33. exd5
Rxd3 34. dxc6 Ke7 35. c7 Bd7 36. c8=Q Bxc8 37. Rxc8 Kd7 38. Rf8 Rf3 39. Kg2 Rf6
40. Rb8 Kc7 41. Ra8 Kb7 42. Ra5 h5 43. g4 hxg4 44. hxg4 Re6 45. Kg3 Re7 46. Kf4
Kc6 47. f3 Kd5 48. Kg5 Ke5 49. Ra6 Rc7 50. Rf6 Kd5 51. c6 Ke5 52. f4+ Ke4 53.
Kh6 Kf3 54. g5 Kg3 55. Kg7 Kh4 56. Kf8 Kg4 57. Ke8 1-0

[Event "32. Copenhagen Open (Politiken Cup)"]
[Site "Elsinore"]
[Date "2010.08.07"]
[Round "9"]
[White "Portisch, Lajos"]
[Black "Meier, Georg"]
[Result "1/2-1/2"]
[WhiteElo "2539"]
[BlackElo "2648"]
[PlyCount "37"]
[EventDate "2010.07.31"]
[EventType "swiss"]
[EventRounds "10"]
[EventCountry "DEN"]
[Source "ChessBase"]
[SourceDate "2010.09.01"]

1. d4 Nf6 2. c4 e6 3. Nc3 Bb4 4. e3 c5 5. Nge2 cxd4 6. exd4 d5 7. a3 Be7 8. Nf4
dxc4 9. Bxc4 O-O 10. O-O Nc6 11. Be3 Bd6 12. Nh5 Nd5 13. Bxd5 exd5 14. h3 Be6
15. Qf3 Qh4 16. Rad1 Rfd8 17. Nb5 Rac8 18. Nxd6 Rxd6 19. Rfe1 1/2-1/2

[Event "32. Copenhagen Open (Politiken Cup)"]
[Site "Elsinore"]
[Date "2010.08.07"]
[Round "9"]
[White "Rasmussen, Allan Stig"]
[Black "Bejtovic, Jasmin"]
[Result "1/2-1/2"]
[WhiteElo "2510"]
[BlackElo "2382"]
[PlyCount "39"]
[EventDate "2010.07.31"]
[EventType "swiss"]
[EventRounds "10"]
[EventCountry "DEN"]
[Source "ChessBase"]
[SourceDate "2010.09.01"]

1. d4 Nf6 2. g3 c5 3. d5 d6 4. c4 g6 5. Nc3 Bg7 6. Bg2 O-O 7. Nf3 e5 8. O-O a6
9. a4 a5 10. e4 Na6 11. Ne1 Nb4 12. Ra3 Ng4 13. h3 Nh6 14. f4 f6 15. Nf3 Nf7
16. Kh1 Bd7 17. Nb5 Qe7 18. Re3 Rae8 19. Re2 Qd8 20. fxe5 1/2-1/2

[Event "32. Copenhagen Open (Politiken Cup)"]
[Site "Elsinore"]
[Date "2010.08.07"]
[Round "9"]
[White "Rasmussen, Ole H"]
[Black "Andersen, Daniel"]
[Result "0-1"]
[WhiteElo "1746"]
[BlackElo "1926"]
[PlyCount "64"]
[EventDate "2010.07.31"]
[EventType "swiss"]
[EventRounds "10"]
[EventCountry "DEN"]
[Source "ChessBase"]
[SourceDate "2010.09.01"]

1. e4 g6 2. Nf3 Bg7 3. g3 c5 4. Bg2 Nc6 5. O-O e6 6. c3 d5 7. exd5 Qxd5 8. Re1
Qd7 9. Na3 Nge7 10. Nc4 Qc7 11. d3 Nd5 12. Ne3 O-O 13. Nxd5 exd5 14. Bf4 Qb6
15. Qb3 Qxb3 16. axb3 Rd8 17. Bc7 Bf5 18. Bxd8 Rxd8 19. Rad1 h6 20. Nh4 Bg4 21.
f3 Be6 22. f4 b5 23. Ra1 a5 24. Rab1 b4 25. c4 g5 26. fxg5 hxg5 27. Nf3 Bf5 28.
Bf1 dxc4 29. bxc4 a4 30. Red1 a3 31. bxa3 bxa3 32. Rd2 Ra8 0-1

[Event "32. Copenhagen Open (Politiken Cup)"]
[Site "Elsinore"]
[Date "2010.08.07"]
[Round "9"]
[White "Rej, Tomek"]
[Black "Mchedlishvili, Mikheil"]
[Result "0-1"]
[WhiteElo "2334"]
[BlackElo "2625"]
[PlyCount "70"]
[EventDate "2010.07.31"]
[EventType "swiss"]
[EventRounds "10"]
[EventCountry "DEN"]
[Source "ChessBase"]
[SourceDate "2010.09.01"]

1. d4 Nf6 2. c4 e6 3. Nc3 Bb4 4. e3 c5 5. Bd3 Nc6 6. Nge2 cxd4 7. exd4 d5 8.
cxd5 Nxd5 9. O-O Nf6 10. Ne4 Be7 11. a3 O-O 12. Bc2 b6 13. Qd3 g6 14. Bh6 Re8
15. Nxf6+ Bxf6 16. Qf3 Bb7 17. Rfd1 Na5 18. Qf4 Be7 19. Qe5 Bf8 20. Bg5 Qd7 21.
Ng3 f5 22. Qe2 Rac8 23. Rac1 Bg7 24. b4 Qd5 25. Qf3 Qd7 26. d5 Nc4 27. dxe6 Qc7
28. Qb3 Qc6 29. f3 Qxe6 30. Bb1 b5 31. Ba2 Kh8 32. Kh1 Qe5 33. Qd3 f4 34. Ne4
Bxe4 35. fxe4 Qxg5 0-1

[Event "32. Copenhagen Open (Politiken Cup)"]
[Site "Elsinore"]
[Date "2010.08.07"]
[Round "9"]
[White "Roelvaag, Mikael"]
[Black "Haubro, Martin"]
[Result "1-0"]
[WhiteElo "2187"]
[BlackElo "1991"]
[PlyCount "85"]
[EventDate "2010.07.31"]
[EventType "swiss"]
[EventRounds "10"]
[EventCountry "DEN"]
[Source "ChessBase"]
[SourceDate "2010.09.01"]

1. c4 f5 2. g3 Nf6 3. Bg2 g6 4. Nc3 d6 5. d3 Bg7 6. e4 c6 7. Nge2 O-O 8. O-O e5
9. exf5 Bxf5 10. d4 Nbd7 11. h3 Qc7 12. Be3 Rad8 13. g4 Be6 14. d5 Bf7 15. Ng3
Nb6 16. g5 Nfd7 17. b3 cxd5 18. Nb5 Qb8 19. cxd5 a6 20. Nc3 Nc8 21. a4 b6 22.
b4 Ne7 23. Be4 Rc8 24. Qd3 Rc7 25. Rfc1 Rfc8 26. Bg2 Rc4 27. Nge4 Nf5 28. Rab1
Qa8 29. Bf1 Nxe3 30. Qxe3 Rd4 31. Nxd6 Rf8 32. Bg2 Rf4 33. Nxf7 R8xf7 34. Ne4
h6 35. Rc2 Qd8 36. d6 hxg5 37. Rbc1 Rf8 38. Rc7 g4 39. Qb3+ R4f7 40. hxg4 Re8
41. g5 Kf8 42. Bh3 Bh8 43. Qxf7+ 1-0

[Event "32. Copenhagen Open (Politiken Cup)"]
[Site "Elsinore"]
[Date "2010.08.07"]
[Round "9"]
[White "Rolvag, Birk Anders"]
[Black "Stray, Gunnar"]
[Result "1/2-1/2"]
[WhiteElo "1919"]
[BlackElo "2055"]
[PlyCount "67"]
[EventDate "2010.07.31"]
[EventType "swiss"]
[EventRounds "10"]
[EventCountry "DEN"]
[Source "ChessBase"]
[SourceDate "2010.09.01"]

1. e4 c5 2. Nc3 Nc6 3. g3 g6 4. Bg2 Bg7 5. d3 e6 6. Be3 Nge7 7. Bxc5 d6 8. Be3
h5 9. h3 Bd7 10. Nge2 a6 11. Qd2 Qc7 12. f4 Rc8 13. g4 b5 14. Nd1 g5 15. f5 Ne5
16. c3 f6 17. fxe6 Bxe6 18. Nd4 Bf7 19. Nf2 h4 20. Nf5 Nxf5 21. exf5 d5 22. Bd4
O-O 23. O-O Rfe8 24. Bxe5 Rxe5 25. d4 Ree8 26. Rae1 Bf8 27. Nd3 Bd6 28. a3 a5
29. Rxe8+ Rxe8 30. b4 Bh2+ 31. Kh1 Bg3 32. Nc5 axb4 33. axb4 Qe7 34. Qd3
1/2-1/2

[Event "32. Copenhagen Open (Politiken Cup)"]
[Site "Elsinore"]
[Date "2010.08.07"]
[Round "9"]
[White "Rosenkilde, Alexander"]
[Black "Holm, Kristian Stuvik"]
[Result "1/2-1/2"]
[WhiteElo "2204"]
[BlackElo "2086"]
[PlyCount "78"]
[EventDate "2010.07.31"]
[EventType "swiss"]
[EventRounds "10"]
[EventCountry "DEN"]
[Source "ChessBase"]
[SourceDate "2010.09.01"]

1. d4 Nf6 2. c4 c5 3. d5 b5 4. cxb5 a6 5. bxa6 Bxa6 6. Nc3 g6 7. g3 d6 8. Bg2
Bg7 9. Nf3 Nbd7 10. Rb1 O-O 11. O-O Nb6 12. b3 Bb7 13. e4 Ba6 14. Re1 Ng4 15.
Bb2 Nd7 16. a4 Qb6 17. Qc2 Rfb8 18. Ba1 Bd4 19. Nxd4 cxd4 20. Nb5 Bxb5 21. axb5
d3 22. Qb2 Nge5 23. Kh1 Nf6 24. f4 Neg4 25. Bf3 Qf2 26. Qxf2 Nxf2+ 27. Kg2 d2
28. Rf1 N2xe4 29. Bxf6 Nxf6 30. Rb2 Rxb5 31. Rxd2 Rxb3 32. Re1 Ra7 33. Bd1 Rb5
34. Bf3 Kf8 35. Re3 Rab7 36. Rc3 Ne8 37. g4 Rb2 38. Rxb2 Rxb2+ 39. Kg3 Rb8
1/2-1/2

[Event "32. Copenhagen Open (Politiken Cup)"]
[Site "Elsinore"]
[Date "2010.08.07"]
[Round "9"]
[White "Rostgaard, Tobias Valentin"]
[Black "Schultz Pedersen, Jesper"]
[Result "1-0"]
[WhiteElo "2103"]
[BlackElo "2206"]
[PlyCount "113"]
[EventDate "2010.07.31"]
[EventType "swiss"]
[EventRounds "10"]
[EventCountry "DEN"]
[Source "ChessBase"]
[SourceDate "2010.09.01"]

1. d4 Nc6 2. e4 d5 3. e5 f6 4. Nf3 Bg4 5. Be2 e6 6. Nbd2 Nh6 7. O-O Nf7 8. Re1
Qd7 9. b3 O-O-O 10. Bb2 h5 11. c4 fxe5 12. cxd5 exd5 13. Nxe5 Nfxe5 14. dxe5
Rh6 15. h3 Bxh3 16. Bxh5 Be6 17. Bf3 Bc5 18. a3 g5 19. g3 g4 20. Bg2 Rf8 21.
Re2 Qf7 22. Qe1 Qh5 23. Nf1 Qf7 24. b4 Bb6 25. Bc1 Rh5 26. Be3 d4 27. Bf4 Rfh8
28. Rd2 Qh7 29. f3 d3+ 30. Be3 Bd5 31. f4 Bf3 32. Bxb6 axb6 33. Bxf3 gxf3 34.
Qe3 Rh1+ 35. Kf2 Rh2+ 36. Nxh2 Qxh2+ 37. Kxf3 Qh5+ 38. Kf2 Qh2+ 39. Kf3 Qh5+
40. g4 Qh3+ 41. Ke4 Qh7+ 42. Kd5 b5 43. Kc5 Rd8 44. Kxb5 Nd4+ 45. Kc4 Nc2 46.
Rxc2 dxc2 47. Rc1 Qd7 48. Kb3 Qd1 49. Kb2 Rd3 50. Qc5 Rb3+ 51. Kxb3 Qxc1 52.
Qf8+ Kd7 53. Qf7+ Kd8 54. Qg8+ Ke7 55. Qh7+ Kf8 56. Qf5+ Ke8 57. Qc8+ 1-0

[Event "32. Copenhagen Open (Politiken Cup)"]
[Site "Elsinore"]
[Date "2010.08.07"]
[Round "9"]
[White "Schandorff, Lars"]
[Black "Unzicker, Ferdinand"]
[Result "1/2-1/2"]
[WhiteElo "2491"]
[BlackElo "2324"]
[PlyCount "40"]
[EventDate "2010.07.31"]
[EventType "swiss"]
[EventRounds "10"]
[EventCountry "DEN"]
[Source "ChessBase"]
[SourceDate "2010.09.01"]

1. Nf3 d5 2. d4 e6 3. c4 c5 4. e3 Nc6 5. a3 dxc4 6. Bxc4 Nf6 7. O-O a6 8. Nc3
b5 9. Ba2 Bb7 10. Qe2 Qc7 11. Rd1 Rd8 12. d5 exd5 13. Bxd5 Be7 14. e4 O-O 15.
h3 Rfe8 16. Be3 h6 17. e5 Nd4 18. Bxd4 Nxd5 19. Nxd5 Bxd5 20. Bc3 Qc6 1/2-1/2

[Event "32. Copenhagen Open (Politiken Cup)"]
[Site "Elsinore"]
[Date "2010.08.07"]
[Round "9"]
[White "Schmidt, Horst Hubert"]
[Black "Hyldkrog, Lars"]
[Result "0-1"]
[WhiteElo "1878"]
[BlackElo "2044"]
[PlyCount "78"]
[EventDate "2010.07.31"]
[EventType "swiss"]
[EventRounds "10"]
[EventCountry "DEN"]
[Source "ChessBase"]
[SourceDate "2010.09.01"]

1. e4 e6 2. g3 d5 3. Bg2 c5 4. d3 Nc6 5. Ne2 Nf6 6. Nbc3 d4 7. Nb1 e5 8. a3 Bd6
9. h3 O-O 10. g4 Be6 11. Ng3 c4 12. O-O cxd3 13. cxd3 a5 14. Nd2 a4 15. Nf3 b5
16. Bd2 Na5 17. Bxa5 Qxa5 18. Rc1 Rac8 19. Qd2 Qxd2 20. Nxd2 Nd7 21. Ne2 Nc5
22. f4 Nxd3 23. Rxc8 Rxc8 24. fxe5 Bxe5 25. Nf3 Rc2 26. Nxe5 Nxe5 27. Nxd4 Rxb2
28. Rf2 Rb1+ 29. Kh2 Bc4 30. Rd2 g6 31. Kg3 Ra1 32. Nxb5 Bxb5 33. Rd5 Rxa3+ 34.
Kh4 Bc4 35. Rxe5 h6 36. Ra5 g5+ 37. Kh5 Kg7 38. h4 f6 39. hxg5 hxg5 0-1

[Event "32. Copenhagen Open (Politiken Cup)"]
[Site "Elsinore"]
[Date "2010.08.07"]
[Round "9"]
[White "Schroer, Marcel"]
[Black "Dyrgaard, Kristoffer"]
[Result "1-0"]
[WhiteElo "2106"]
[BlackElo "2254"]
[PlyCount "99"]
[EventDate "2010.07.31"]
[EventType "swiss"]
[EventRounds "10"]
[EventCountry "DEN"]
[Source "ChessBase"]
[SourceDate "2010.09.01"]

1. e4 c5 2. Nf3 Nc6 3. d4 cxd4 4. Nxd4 Nf6 5. Nc3 e5 6. Ndb5 d6 7. Bg5 a6 8.
Na3 b5 9. Bxf6 gxf6 10. Nd5 f5 11. c3 Bg7 12. exf5 Bxf5 13. Nc2 O-O 14. Nce3
Be6 15. Bd3 f5 16. O-O Ra7 17. a4 Ne7 18. Nxe7+ Rxe7 19. axb5 axb5 20. Bxb5 d5
21. Ra6 Kh8 22. Qa4 f4 23. Nc2 Bf5 24. Ra1 Bxc2 25. Qxc2 Rg8 26. Qa4 Bf8 27.
Ra8 Qd6 28. Qa6 Reg7 29. g3 fxg3 30. hxg3 Qe7 31. Bf1 e4 32. Qb6 Qe5 33. Qd4
Qxd4 34. cxd4 e3 35. fxe3 Rxg3+ 36. Kf2 Bh6 37. Rxg8+ Rxg8 38. b4 Re8 39. Ra3
Rf8+ 40. Ke2 Rb8 41. Rb3 Kg7 42. b5 Rb6 43. Bg2 Kf6 44. Bxd5 Bf8 45. e4 h5 46.
Bc6 Be7 47. Rf3+ Ke6 48. Rf5 h4 49. Rh5 Rb8 50. e5 1-0

[Event "32. Copenhagen Open (Politiken Cup)"]
[Site "Elsinore"]
[Date "2010.08.07"]
[Round "9"]
[White "Skjoldager, Per"]
[Black "Christensen, Casper"]
[Result "0-1"]
[WhiteElo "2137"]
[BlackElo "1888"]
[PlyCount "86"]
[EventDate "2010.07.31"]
[EventType "swiss"]
[EventRounds "10"]
[EventCountry "DEN"]
[Source "ChessBase"]
[SourceDate "2010.09.01"]

1. e4 c5 2. c3 d6 3. f4 a6 4. Nf3 b5 5. d4 cxd4 6. Nxd4 g6 7. Bd3 Bg7 8. Be3
Bb7 9. O-O Nd7 10. Nd2 Ngf6 11. N4b3 Rb8 12. h3 O-O 13. Qe1 Qc7 14. Qf2 a5 15.
a4 Bc6 16. axb5 Bxb5 17. c4 Bc6 18. Nxa5 Rxb2 19. Nxc6 Qxc6 20. Ra7 Rb7 21. Ra5
Qc7 22. Rfa1 Rc8 23. e5 dxe5 24. fxe5 Nxe5 25. Be2 Nc6 26. Ra8 Rxa8 27. Rxa8+
Rb8 28. Ra6 Nb4 29. Bf4 Qc8 30. Ra4 Qd7 31. Bxb8 Qxa4 32. Qb6 Nc6 33. Bf4 Nd5
34. Qb5 Qxb5 35. cxb5 Nd4 36. Bf3 Nxf4 37. b6 Be5 38. Nc4 Nxf3+ 39. gxf3 Bb8
40. Na5 Nxh3+ 41. Kf1 Nf4 42. Nc6 Bd6 43. b7 Kf8 0-1

[Event "32. Copenhagen Open (Politiken Cup)"]
[Site "Elsinore"]
[Date "2010.08.07"]
[Round "9"]
[White "Skovgaard, Peter Nicolai"]
[Black "Krasenkow, Michal"]
[Result "0-1"]
[WhiteElo "2299"]
[BlackElo "2628"]
[PlyCount "54"]
[EventDate "2010.07.31"]
[EventType "swiss"]
[EventRounds "10"]
[EventCountry "DEN"]
[Source "ChessBase"]
[SourceDate "2010.09.01"]

1. e4 g6 2. d4 Bg7 3. Nc3 c6 4. Be3 d5 5. Qd2 dxe4 6. Nxe4 Nd7 7. O-O-O Ngf6 8.
Ng3 h5 9. h4 Nd5 10. Nf3 Nxe3 11. fxe3 Nf6 12. Ng5 Qc7 13. N3e4 Nxe4 14. Nxe4
Bf5 15. Bd3 Bxe4 16. Bxe4 f5 17. Bf3 O-O-O 18. Qf2 e5 19. Qg3 Rd6 20. dxe5 Bxe5
21. Qh3 Qb6 22. c3 Qxe3+ 23. Kb1 Rhd8 24. Rde1 Qd3+ 25. Ka1 Bxc3 26. Rc1 Bxb2+
27. Kxb2 Qb5+ 0-1

[Event "32. Copenhagen Open (Politiken Cup)"]
[Site "Elsinore"]
[Date "2010.08.07"]
[Round "9"]
[White "Solli, Oddvar"]
[Black "Christiansen, Torsten Sundgaar"]
[Result "1-0"]
[WhiteElo "1914"]
[BlackElo "1733"]
[PlyCount "53"]
[EventDate "2010.07.31"]
[EventType "swiss"]
[EventRounds "10"]
[EventCountry "DEN"]
[Source "ChessBase"]
[SourceDate "2010.09.01"]

1. Nf3 Nf6 2. c4 d5 3. cxd5 Nxd5 4. e4 Nb6 5. d4 Bg4 6. Be3 e6 7. Nc3 c6 8. Be2
N8d7 9. O-O Rc8 10. a4 a5 11. Qb3 Bb4 12. Rad1 Qe7 13. Na2 c5 14. Nxb4 cxb4 15.
Bg5 f6 16. Bf4 O-O 17. Rc1 Kh8 18. Rfd1 e5 19. dxe5 Nc5 20. Qe3 Nbxa4 21. exf6
Qxf6 22. Be5 Qc6 23. Nd4 Qg6 24. Bxg4 Qxg4 25. f3 Qg6 26. Nf5 Ne6 27. Ne7 1-0

[Event "32. Copenhagen Open (Politiken Cup)"]
[Site "Elsinore"]
[Date "2010.08.07"]
[Round "9"]
[White "Sorensen, Dick"]
[Black "Ramme, Christoph"]
[Result "1-0"]
[WhiteElo "1949"]
[BlackElo "2062"]
[PlyCount "69"]
[EventDate "2010.07.31"]
[EventType "swiss"]
[EventRounds "10"]
[EventCountry "DEN"]
[Source "ChessBase"]
[SourceDate "2010.09.01"]

1. c4 e5 2. Nc3 Nf6 3. e4 Bb4 4. d3 O-O 5. Nge2 c6 6. a3 Be7 7. d4 d6 8. f3 Nh5
9. Be3 Bg5 10. Qd2 Bxe3 11. Qxe3 a6 12. O-O-O Qe7 13. g4 Nf6 14. Ng3 b5 15. g5
Ne8 16. Nf5 Qc7 17. dxe5 dxe5 18. c5 Be6 19. h4 a5 20. h5 g6 21. Nh6+ Kg7 22.
Bh3 Na6 23. f4 Bxh3 24. Rxh3 Qe7 25. f5 Qxc5 26. f6+ Kh8 27. Qxc5 Nxc5 28.
Nxf7+ Rxf7 29. hxg6 Rxf6 30. gxf6 Nxf6 31. Rd6 Kg7 32. gxh7 b4 33. Rg3+ Kxh7
34. Rxf6 bxc3 35. Rf2 1-0

[Event "32. Copenhagen Open (Politiken Cup)"]
[Site "Elsinore"]
[Date "2010.08.07"]
[Round "9"]
[White "Spiess, Thomas"]
[Black "Hansen, Mads"]
[Result "1/2-1/2"]
[WhiteElo "1979"]
[BlackElo "2165"]
[PlyCount "60"]
[EventDate "2010.07.31"]
[EventType "swiss"]
[EventRounds "10"]
[EventCountry "DEN"]
[Source "ChessBase"]
[SourceDate "2010.09.01"]

1. d4 Nf6 2. e3 c5 3. d5 e6 4. c4 exd5 5. cxd5 g6 6. Ne2 Bg7 7. Nec3 d6 8. Be2
O-O 9. O-O Na6 10. e4 Re8 11. f3 Nc7 12. a4 b6 13. Na3 h6 14. Be3 Bb7 15. Qd2
Nfxd5 16. Nxd5 Nxd5 17. Bxh6 Bxh6 18. Qxh6 Qf6 19. Bb5 Nf4 20. g3 Ne6 21. Bxe8
Rxe8 22. Qd2 Nd4 23. Qd3 d5 24. Nb5 dxe4 25. fxe4 Qe5 26. Nxd4 Bxe4 27. Qc4 Bd5
28. Qd3 Be4 29. Qc4 Bd5 30. Qd3 Be4 1/2-1/2

[Event "32. Copenhagen Open (Politiken Cup)"]
[Site "Elsinore"]
[Date "2010.08.07"]
[Round "9"]
[White "Stojanovski, Sandi"]
[Black "Brunello, Sabino"]
[Result "1/2-1/2"]
[WhiteElo "2208"]
[BlackElo "2488"]
[PlyCount "81"]
[EventDate "2010.07.31"]
[EventType "swiss"]
[EventRounds "10"]
[EventCountry "DEN"]
[Source "ChessBase"]
[SourceDate "2010.09.01"]

1. Nf3 Nf6 2. c4 e6 3. e3 b6 4. Be2 Bb7 5. O-O g6 6. b3 Bg7 7. Bb2 O-O 8. Qc2
Nc6 9. a3 Ne7 10. d3 h6 11. Nbd2 d6 12. b4 g5 13. h3 e5 14. c5 bxc5 15. bxc5
Ng6 16. Rfc1 Qe7 17. Rab1 Bxf3 18. cxd6 cxd6 19. Bxf3 d5 20. Bc3 Rfc8 21. Qb3
Qe6 22. Qb7 h5 23. Bb4 g4 24. hxg4 hxg4 25. Be2 d4 26. Ne4 Nxe4 27. Qxe4 f5 28.
Qb7 dxe3 29. fxe3 Bh6 30. Bd2 Ne7 31. Bd1 Kf8 32. Kf1 Rxc1 33. Rxc1 Rd8 34. Bb4
Rxd3 35. Bxe7+ Qxe7 36. Qc8+ Rd8 37. Qxf5+ Qf7 38. Bxg4 Bxe3 39. Rc8 Rxc8 40.
Qxf7+ Kxf7 41. Bxc8 1/2-1/2

[Event "32. Copenhagen Open (Politiken Cup)"]
[Site "Elsinore"]
[Date "2010.08.07"]
[Round "9"]
[White "Svane, Rasmus"]
[Black "Hansen, Herluf"]
[Result "1-0"]
[WhiteElo "2216"]
[BlackElo "2026"]
[PlyCount "97"]
[EventDate "2010.07.31"]
[EventType "swiss"]
[EventRounds "10"]
[EventCountry "DEN"]
[Source "ChessBase"]
[SourceDate "2010.09.01"]

1. d4 Nf6 2. c4 e6 3. Nc3 Bb4 4. Bg5 c5 5. d5 Bxc3+ 6. bxc3 d6 7. e3 h6 8. Bh4
Qe7 9. Bd3 e5 10. Ne2 g5 11. Bg3 Rg8 12. f3 Nbd7 13. Qc2 Kd8 14. O-O-O Kc7 15.
Kb2 Nb6 16. Ka1 Bd7 17. Nc1 Na4 18. Nb3 b6 19. Nd2 Nh5 20. Bf2 f5 21. Bxf5 Bxf5
22. Qxa4 Bd7 23. Qa6 Bc8 24. Qa3 a6 25. g4 Nf6 26. e4 Nh7 27. Rb1 Bd7 28. Rb2
Rgb8 29. Rhb1 Nf8 30. Nb3 Be8 31. Nc1 Qf6 32. Nd3 Nd7 33. Ne1 b5 34. Nd3 Qe7
35. Rd1 Nb6 36. Nxc5 Nxc4 37. Qb4 a5 38. Ne6+ Kc8 39. Qb3 Qf6 40. Rd3 Bd7 41.
Rb1 Bxe6 42. dxe6 a4 43. Qb4 Qxe6 44. Rd5 Ra5 45. Bc5 Ra6 46. Bf2 Ra5 47. Rbd1
Qf7 48. Rxd6 Nxd6 49. Qxd6 1-0

[Event "32. Copenhagen Open (Politiken Cup)"]
[Site "Elsinore"]
[Date "2010.08.07"]
[Round "9"]
[White "Taksrud, Vidar"]
[Black "Helin, Mikael"]
[Result "1-0"]
[WhiteElo "2097"]
[BlackElo "1930"]
[PlyCount "79"]
[EventDate "2010.07.31"]
[EventType "swiss"]
[EventRounds "10"]
[EventCountry "DEN"]
[Source "ChessBase"]
[SourceDate "2010.09.01"]

1. Nc3 c5 2. e4 a6 3. a4 Nc6 4. Nf3 e6 5. Bc4 Qc7 6. O-O Nf6 7. Re1 Ng4 8. h3
h5 9. hxg4 hxg4 10. Nd5 Qb8 11. d4 exd5 12. exd5+ Ne7 13. Ne5 Qd6 14. dxc5 Qf6
15. g3 d6 16. cxd6 Qxd6 17. Bf4 Qf6 18. d6 Be6 19. Bxe6 fxe6 20. d7+ Kd8 21.
Qd6 Nd5 22. Nc6+ bxc6 23. Qxc6 Nxf4 24. Qxa8+ Kxd7 25. Qb7+ Ke8 26. Qb8+ Kf7
27. Qxf4 Qxf4 28. gxf4 Bd6 29. Re4 Rh6 30. Rd1 Ke7 31. f5 Bh2+ 32. Kg2 e5 33.
Rxg4 Bf4 34. Rxg7+ Kf8 35. Rg6 Rh2+ 36. Kf3 a5 37. Rd7 Rh3+ 38. Ke4 Rh1 39. f6
Bh6 40. Kf5 1-0

[Event "32. Copenhagen Open (Politiken Cup)"]
[Site "Elsinore"]
[Date "2010.08.07"]
[Round "9"]
[White "Thingstad, Even"]
[Black "Tandrup, Michael"]
[Result "1-0"]
[WhiteElo "2142"]
[BlackElo "1968"]
[PlyCount "63"]
[EventDate "2010.07.31"]
[EventType "swiss"]
[EventRounds "10"]
[EventCountry "DEN"]
[Source "ChessBase"]
[SourceDate "2010.09.01"]

1. d4 Nf6 2. c4 e6 3. Nc3 Bb4 4. Qc2 O-O 5. a3 Bxc3+ 6. Qxc3 b6 7. Bg5 h6 8.
Bh4 Bb7 9. e3 d6 10. Ne2 Nbd7 11. Qc2 Be4 12. Qd2 d5 13. f3 Bh7 14. cxd5 exd5
15. Nc3 c6 16. Ba6 Ne4 17. Bxd8 Nxd2 18. Be7 Rfe8 19. Kxd2 Rxe7 20. Bb7 Rd8 21.
Bxc6 Nf6 22. Rac1 g5 23. h4 g4 24. Ne2 Bf5 25. Nf4 Kg7 26. Rc3 Be6 27. Rhc1 Kh7
28. Bb5 Rg8 29. Rc7 Rxc7 30. Rxc7 gxf3 31. gxf3 Kh8 32. Rxa7 1-0

[Event "32. Copenhagen Open (Politiken Cup)"]
[Site "Elsinore"]
[Date "2010.08.07"]
[Round "9"]
[White "Torner Planell, Josep Ramon"]
[Black "Bach, Matthias"]
[Result "0-1"]
[WhiteElo "2034"]
[BlackElo "2303"]
[PlyCount "58"]
[EventDate "2010.07.31"]
[EventType "swiss"]
[EventRounds "10"]
[EventCountry "DEN"]
[Source "ChessBase"]
[SourceDate "2010.09.01"]

1. e4 Nf6 2. e5 Nd5 3. d4 d6 4. c4 Nb6 5. exd6 cxd6 6. Nc3 g6 7. Be3 Bg7 8. Rc1
O-O 9. Nf3 Bg4 10. Be2 a5 11. O-O Na6 12. b3 a4 13. h3 Bd7 14. c5 Nc8 15. Nxa4
Bxa4 16. bxa4 dxc5 17. dxc5 Qc7 18. Qb3 e5 19. Rfd1 Ne7 20. Qb6 Qc8 21. Rb1 Nf5
22. Bc1 Nxc5 23. Bd2 Nxa4 24. Qxb7 Qxb7 25. Rxb7 Nc5 26. Rc7 Ne6 27. Rb7 Rfd8
28. Bg5 Rxd1+ 29. Bxd1 e4 0-1

[Event "32. Copenhagen Open (Politiken Cup)"]
[Site "Elsinore"]
[Date "2010.08.07"]
[Round "9"]
[White "Veng, Johny"]
[Black "Nielsen, John Bauneborg"]
[Result "0-1"]
[WhiteElo "2294"]
[BlackElo "2139"]
[PlyCount "70"]
[EventDate "2010.07.31"]
[EventType "swiss"]
[EventRounds "10"]
[EventCountry "DEN"]
[Source "ChessBase"]
[SourceDate "2010.09.01"]

1. d4 d6 2. e4 Nf6 3. Nc3 g6 4. Nf3 Bg7 5. h3 a6 6. a4 b6 7. Bc4 Bb7 8. O-O e6
9. Re1 O-O 10. d5 e5 11. b4 a5 12. bxa5 Rxa5 13. Nb5 Nbd7 14. Bd2 Ra8 15. a5
bxa5 16. Bxa5 Ne8 17. Qd2 Nc5 18. Qb4 Qe7 19. Nc3 Bc8 20. Na4 Nxa4 21. Qxa4 f5
22. exf5 Bxf5 23. Nd4 e4 24. Nxf5 Rxf5 25. Qc6 Ra7 26. c3 h5 27. Bb4 Rxa1 28.
Rxa1 e3 29. f3 e2 30. Re1 Re5 31. Bb5 Bh6 32. Qxe8+ Qxe8 33. Bxe8 Be3+ 34. Kh1
Bf2 35. Rxe2 Rxe2 0-1